banner-ar

معركة هرمجدون و تاسيس مملكة الرب : (Record no. 5929)

MARC details
000 -الفاتح
حقل البيانات ثابتة الطول 00800nam a2200229Ia 4500
008 - عناصر البيانات ثابتة الطول - معلومات عامة
حقل البيانات ثابتة الطول 140319s9999 xx 000 0 ara d
020 ## - الرقم الدولى المعيارى للكتب
الرقم الدولى المعيارى للكتاب 7345346977
040 ## - مصدر الفهرسة
وكالة الفهرسة الأصلية GCL /
وكالة النسخ GCL
082 04 - رقم تصنيف ديوى العشرى
رقم التصنيف 291
رقم المادة ج م
100 1# - المدخل الرئيسى - إسم شخصى
الإسم الشخصى جيزن ، كارلوتا
245 10 - بيان العنوان
العنوان معركة هرمجدون و تاسيس مملكة الرب :
بقية العنوان فى التوراة و الانجيل و القران /
بيان المسئوليه,etc جيزن ، كارلوتا
700 1# - المدخل الاضافى - اسم شخصى
الإسم الشخصى احمد على احمد على
700 1# - المدخل الاضافى - اسم شخصى
الإسم الشخصى السيد محمد عاشور
250 ## - بيان الطبعة
بيان الطبعة الاولى
260 ## - PUBLICATION, DISTRIBUTION, ETC. (IMPRINT)
تاريخ النشر أو التوزيع 2002
300 ## - الوصف المادى
التعداد 150 ص ؛
أبعاد الوعاء 24 سم
650 04 - المدخل الاضافى بالموضوع-مصطلح موضوعى
مصطلح موضوعي المعارك الحربية
650 04 - المدخل الاضافى بالموضوع-مصطلح موضوعى
مصطلح موضوعي الدين المقارن
650 04 - المدخل الاضافى بالموضوع-مصطلح موضوعى
مصطلح موضوعي معركة هرمجدون
942 ## - عناصر المدخل الإضافي( كوها)
مصدر التصنيف او مخطط الترفيف Dewey Decimal Classification
Koha [default] item type كتاب
260 ## - PUBLICATION, DISTRIBUTION, ETC. (IMPRINT)
-- سوريا :
-- دار الكتاب العربى ،
Holdings
حالة التراجع حالة الفقد حالة تلف ليس للاعارة المكان المؤقت الموقع الحالى تاريخ الاكتساب اجمالي اﻻعارات رقم الطلب الباركود تاريخ اخر مشاهدة تاريخ تفعيل السعر نوع وعاء كوها
        مكتبة القاهرة الكبرى مكتبة القاهرة الكبرى 03/26/2014   291\ج م 12479 03/26/2014 03/26/2014 كتاب

Powered By

EGPV